|
|
|
|
| LEADER |
00000nab a2200000 a 4500 |
| 001 |
vtls000737624 |
| 003 |
SK-MaSNL |
| 005 |
20260302193235.0 |
| 008 |
160321c2000 xo 0 slo |
| 015 |
|
|
|a SNBRB2000/11-32084
|
| 035 |
|
|
|a CLN000089491
|
| 040 |
|
|
|a SNKBUCL
|b slo
|c SNKBUCL
|e AACR2
|
| 041 |
0 |
|
|a slo
|
| 044 |
|
|
|a xo
|c SK
|
| 080 |
|
|
|a 78.071.1/.2:784.66
|2 UDC-MRF-SK2
|
| 080 |
|
|
|a 784.66
|2 UDC-MRF-SK2
|
| 080 |
|
|
|a 929 Nohavica, Jaromír
|2 UDC-MRF-SK2
|
| 100 |
1 |
|
|a Rýpal, Palo
|4 ain
|9 841301
|
| 245 |
1 |
0 |
|a Nočný lovec tónov
|b Jaromír Nohavica predpovedá svetu nový barok
|c Palo Rýpal, Jaromír Nohavica
|
| 300 |
|
|
|b Fotogr.
|
| 655 |
|
7 |
|a články z novín a časopisov
|2 snkbucl
|9 267496
|
| 700 |
1 |
|
|a Nohavica, Jaromír,
|d 1953-
|4 aut
|4 uin
|9 19451
|
| 773 |
0 |
|
|x 1335-406X
|t Moment
|g Roč. 3, č. 38 (2000), s. 16-18 a 20
|
| 850 |
|
|
|a Slovenská národná knižnica v Martine
|
| 852 |
|
|
|a SNK
|b KIS3GCP
|
| 958 |
|
|
|a CZ
|
| 958 |
|
|
|a BC
|
| 958 |
|
|
|a RBX
|
| 999 |
|
|
|c 1443813
|d 1445743
|